Géographie générale de la France - Statistiques

Statistiques générales
  • Ce quiz a été pris 2 577 fois
    2 513 depuis la dernière actualisation
  • Le résultat moyen est 151 sur 425
Statistiques - réponses
Région Numéro département Gentilés départemental % Correct
Ain
92%
Fleuves 1012 Loire
82%
Loire
82%
Fleuves 545 Rhône
81%
Rhône
81%
Paris
75%
Paris
75%
Fleuves 776 Seine
75%
Lyon
74%
Chaînes de Montagnes Alpes
72%
Allier
71%
Chaînes de Montagnes Jura
71%
Jura
71%
Savoie
71%
Haute Savoie
70%
Chaînes de Montagnes Pyrénées
70%
Aisne
69%
Finistère
69%
Ardèche
68%
Isère
68%
Nord
68%
Corse du Sud
66%
Haute Corse
66%
Chaînes de Montagnes Vosges
66%
Vosges
66%
Bas Rhin
65%
Haut Rhin
65%
Loiret
65%
Cantal
64%
Lille
64%
Marseille
64%
Morbihan
64%
Pas de Calais
64%
Rennes
64%
Ajaccio
63%
Drôme
63%
Gironde
63%
Grenoble
63%
Puy de Dôme
63%
Strasbourg
63%
Yvelines
63%
Frontières 620 Belgique
62%
Bordeaux
62%
Cher
62%
Doubs
62%
Frontières 623 Espagne
62%
Frontières 488 Italie
62%
Frontières 573 Suisse
62%
Frontières 451 Allemagne
61%
Bouches du Rhône
61%
Calvados
61%
Côte d'Or
61%
Dijon
61%
Eure
61%
Haute Loire
61%
Martinique
61%
Moselle
61%
Seine Saint Denis
61%
Var
61%
Alpes Maritimes
60%
Bastia
60%
Charente
60%
Guadeloupe
60%
Guyane
60%
Frontières 73 Luxembourg
60%
Marne
60%
Nantes
60%
Toulouse
60%
Frontières 56 Andorre
59%
Aube
59%
Fleuves 523 Garonne
59%
Meurthe et Moselle
59%
Nice
59%
Oise
59%
Réunion
59%
Saint Denis
59%
Seine et Marne
59%
Ardennes
58%
Aude
58%
Charente Maritime
58%
Côtes d'Armor
58%
Hérault
58%
Indre
58%
Loire Atlantique
58%
Mayotte
58%
Frontières 4.4 Monaco
58%
Frontières 673 Bresil (Guyane Française)
57%
Clermont Ferrand
57%
Dordogne
57%
Gard
57%
Lot
57%
Manche
57%
Pyrénées Orientales
57%
Quimper
57%
Saint-Etienne
57%
Saône et Loire
57%
Somme
57%
Vaucluse
57%
Annecy
56%
Creuse
56%
Hautes Alpes
56%
Indre et Loire
56%
Landes
56%
Fleuves 486 Meuse
56%
Meuse
56%
Montpellier
56%
Seine Maritime
56%
Tarn
56%
Territoire de Belfort
56%
Yonne
56%
Caen
55%
Essonne
55%
Eure et Loir
55%
Vendée
55%
Ariège
54%
Haute Garonne
54%
Ille et Vilaine
54%
Lot et Garonne
54%
Chaînes de Montagnes Massif Central
54%
Nièvre
54%
Pyrénées Atlantiques
54%
Tarn et Garonne
54%
Val de Marne
54%
Vienne
54%
Alpes de Haute Provence
53%
Aveyron
53%
Belfort
53%
Corrèze
53%
Haute Saône
53%
Mayenne
53%
Sarthe
53%
Val d'Oise
53%
Bourg en Bresse
52%
Gers
52%
Haute Marne
52%
Loir et Cher
52%
Metz
52%
Nancy
52%
Orléans
52%
Orne
52%
Rouen
52%
Haute Vienne
51%
Hauts de Seine
51%
Toulon
51%
Tours
51%
Chambéry
50%
Deux Sèvres
50%
Hautes Pyrénées
50%
La Rochelle
50%
Lozère
50%
Lyonnais
50%
Maine et Loire
50%
Versailles
50%
Valence
49%
Amiens
48%
Besançon
48%
Ile de France 75 Parisiens
48%
Parisiens
48%
Pau
48%
Perpignan
48%
Le Mans
47%
Nîmes
47%
Vannes
47%
Angers
46%
Colmar
46%
Fort de France
46%
Limoges
46%
Auxerre
44%
Poitiers
44%
Troyes
44%
Cayenne
43%
Avignon
42%
Bourges
42%
Lillois
42%
Gap
41%
Marseillais
41%
Rennais
41%
Moulins
40%
Privas
40%
Saint-Brieuc
40%
Frontières 510 Suriname (Guyane Française)
40%
Bordelais
39%
Epinal
39%
Grenoblois
39%
Laval
39%
Nantais
39%
Nevers
39%
Strasbourgeois
39%
Arras
38%
Aurillac
38%
Carcassonne
38%
Dijonnais
38%
Auvergne Rhône Alpes 38 Isérois / Iserans
38%
Auvergne Rhône Alpes 07 Ardéchois
37%
Mâcon
37%
Martinique 972 Martiniquais
37%
Niçois
37%
Niort
37%
Toulousains
37%
Tulle
37%
Angoulême
36%
Beauvais
36%
Châteauroux
36%
Evry
36%
Mont de Marsan
36%
Nanterre
36%
Frontières 10.2 Pays-Bas (Saint-Martin)
36%
Auvergne Rhône Alpes 73 Savoyards
36%
Albi
35%
Blois
35%
Charleville-Mézières
35%
Chartres
35%
Créteil
35%
Guyane 973 Guyanais
35%
La Roche sur Yon
35%
Périgueux
35%
La Réunion 974 Réunionnais
35%
Stéphanois
35%
Evreux
34%
Melun
34%
Rodez
34%
Saint Lô
34%
Tarbes
34%
Agen
33%
Basse Terre
33%
Nouvelle Aquitaine 33 Girondins
33%
Guadeloupe 971 Guadeloupéens
33%
Laon
33%
Le Puy en Velay
33%
Mamoudzou
33%
Alençon
32%
Foix
32%
Montauban
32%
Toulonnais
32%
Cahors
31%
Nouvelle Aquitaine 16 Charentais
31%
Guéret
31%
Lons le Saunier
31%
Montpelliérains
31%
Bobigny
30%
Corse 2A Corses
30%
Corse 2B Corses
30%
Mende
30%
Nîmois
30%
Orléanais
30%
Auch
29%
Auxerrois
29%
Clermontois
29%
Auvergne Rhône Alpes 26 Drômois
29%
Quimpérois
29%
Pays de la Loire 85 Vendéens
29%
Grand Est 88 Vosgiens
29%
Châlons en Champagne
28%
Hauts de France 59 Nordistes
28%
Rouennais
28%
Provence Alpes Côte d'Azur 83 Varois
28%
Versaillais
28%
Vesoul
28%
Bar le Duc
27%
Bastiais
27%
Caennais
27%
Bourgogne Franche Comté 39 Jurassiens
27%
Pays de la Loire 49 Angevins
26%
Angevins
26%
Auvergne Rhône Alpes 74 Hauts Savoyards
26%
Nouvelle Aquitaine 40 Landais
26%
Grand Est 51 Marnais
26%
Pontoise
26%
Troyens
26%
Grand Est 08 Ardennais
25%
Chaumont
25%
Digne les Bains
25%
Nancéens / Nancéiens
25%
Pays de la Loire 72 Sarthois
25%
Nouvelle Aquitaine 86 Viennois
25%
Ajacciens
24%
Occitanie 12 Aveyronnais
24%
Bretagne 29 Finistériens
24%
Occitanie 81 Tarnais
24%
Amiénois
23%
Occitanie 09 Ariégeois
23%
Grand Est 10 Aubois
23%
Avignonnais
23%
Nouvelle Aquitaine 19 Corréziens
23%
Nouvelle Aquitaine 23 Creusois
23%
Pays de la Loire 53 Mayennais
23%
Perpignanais
23%
Occitanie 32 Gersois
22%
Messins
22%
Niortais
22%
Occitanie 11 Audois
21%
Occitanie 30 Gardois
21%
Mâconnais
20%
Rochelais
20%
Tourangeaux
20%
Centre Val de Loire 37 Tourangeaux / Indroligériens / Indréloiriens
20%
Yonnais
20%
Albigeois
19%
Cayennais
19%
Occitanie 34 Héraultais
19%
Bretagne 56 Morbihannais
19%
Palois
19%
Auvergne Rhône Alpes 69 Rhodaniens
19%
Tarbais
19%
Occitanie 46 Lotois
18%
Grand Est 57 Mosellans
18%
Moulinois
18%
Normandie 61 Ornais
18%
Auvergne Rhône Alpes 15 Cantalous / Cantaliens
17%
Carcassonnais
17%
Chambériens
17%
Poitevins
17%
Provence Alpes Côte d'Azur 84 Vauclusiens
17%
Annéciens
16%
Lavallois
16%
Manceaux
16%
Ile de France 78 Yvelinois
16%
Belfortains
15%
Grand Est 52 Haut Marnais
15%
Occitanie 48 Lozériens
15%
Agenais
14%
Nouvelle Aquitaine 87 Haut Viennois
14%
Hauts de France 60 Oisiens / Isariens
14%
Vannetais
14%
Aurillacois
13%
Beauvaisiens
13%
Briochins
13%
Colmariens
13%
Normandie 27 Eurois
13%
Auvergne Rhône Alpes 42 Ligériens
13%
Mendois
13%
Grand Est 55 Meusiens
13%
Alençonnais
12%
Grand Est 67 Bas Rhinois
12%
Castelroussins
12%
Châlonnais
12%
Ile de France 91 Essonniens
12%
Occitanie 31 Haut Garonnais
12%
Périgourdins / Pétrocoriens
12%
Spinaliens
12%
Nouvelle Aquitaine 17 Charentais Maritime
11%
Grand Est 68 Haut Rhinois
11%
Mayotte 976 Mahorais
11%
Nanterriens
11%
Bourgogne Franche Comté 58 Nivernais
11%
Bisontins
10%
Normandie 14 Calvadosiens
10%
Bourgogne Franche Comté 25 Doubistes
10%
Grand Est 54 Meurthe et Mosellans / Meurthois
10%
Montalbanais
10%
Ile de France 77 Seine et Marnais
10%
Occitanie 82 Tarn et Garonnais
10%
Ile de France 94 Val de Marnais
10%
Auvergne Rhône Alpes 01 Bressans / Bugistes / Revermontois / Dombistes / Gessiens
9%
Chaumontais
9%
Bretagne 22 Costarmoricains
9%
Laonnois
9%
Nouvelle Aquitaine 47 Lot et Garonnais
9%
Montois
9%
Hauts de France 62 Pas de Calaisiens
9%
Ile de France 95 Val d'Oisiens
9%
Auvergne Rhône Alpes 43 Altiligériens
8%
Basse-Terriens
8%
Dignois
8%
Centre Val de Loire 36 Indriens
8%
Melunais
8%
Valentinois
8%
Blésois
7%
Gapençais
7%
Guérétois
7%
Centre Val de Loire 45 Loirétains
7%
Pontoisiens
7%
Arrageois
6%
Centre Val de Loire 18 Berrichons
6%
Auvergne Rhône Alpes 03 Bourbonnais
6%
Provence Alpes Côte d'Azur 13 Bucco Rhodaniens
6%
Burgiens
6%
Chartrains
6%
Bourgogne Franche Comté 21 Côte d'Oriens
6%
Cristoliens
6%
Nouvelle Aquitaine 79 Deux Sévriens
6%
Dionysiens
6%
Provence Alpes Côte d'Azur 05 Haut Alpins
6%
Neversois
6%
Privadois
6%
Auvergne Rhône Alpes 63 Puydômois
6%
Ruthénois
6%
Tullistes
6%
Ile de France 92 Altoséquanais
5%
Bretagne 35 Bretilliens
5%
Evryens
5%
Bourgogne Franche Comté 89 Icaunais
5%
Limougeauds
5%
Bourgogne Franche Comté 90 Terrifortains
5%
Vésuliens
5%
Hauts de France 02 Axonais
4%
Barisiens
4%
Provence Alpes Côte d'Azur 04 Bas Alpins
4%
Ebroïciens
4%
Centre Val de Loire 28 Euréliens
4%
Bourgogne Franche Comté 70 Haut Saônais
4%
Centre Val de Loire 41 Loir et Chériens
4%
Mamoudzous
4%
Provence Alpes Côte d'Azur 06 Maralpins
4%
Pays de la Loire 44 Mariligériens
4%
Ponots / Aniciens / Puytois
4%
Saint-Lois
4%
Hauts de France 80 Samariens
4%
Bourgogne Franche Comté 71 Saône et Loiriens
4%
Normandie 76 Seinomarins
4%
Ile de France 93 Sequano-Dionysiens
4%
Nouvelle Aquitaine 64 Béarnais / Basques
3%
Berruyens
3%
Cadurciens / Cahorsins
3%
Fuxéens
3%
Lédoniens
3%
Normandie 50 Manchois / Manchots
3%
Auscitains
2%
Carolomacériens
2%
Foyalais
2%
Angoumoisiens
1%
Balbyniens
1%
Occitanie 66 Catalans / Roussillonnais
0%
Nouvelle Aquitaine 24 Dordognots / Périgordins
0%
Occitanie 65 Haut Pyrénéens / Bigourdans
0%
Aucun quiz correspondant
Distribution des résultats
% des personnes avec chaque résultat
Percentile par nombre de réponses
Votre historique - résultats
Vous n’avez pas pris ce quiz depuis la dernière actualisation